000 00434nam a22001817a 4500
003 MPLRDC
005 20220104114215.0
008 210129b ||||| |||| 00| 0 eng d
020 _a7-5313-0043-5
082 _a857.45 HCH
100 _a韩春恒注译
245 _a高力士外传
_c
250 _a一版一刷
260 _a
_b春风文艺出版社
_c1987
300 _b
650 _a历史小说
942 _cBK
_o857.45 HCH
999 _c5674
_d5664